000 03859nam a22005417a 4500
001 1027729014
003 OCoLC
005 20210419062806.0
006 m o d
007 cr |||||||||||
008 180303s2019 nyu ob 001 0 eng
010 _a 2018010597
020 _a9781259644634
_q(ebook)
020 _a1259644634
_q(ebook)
020 _z9781259644627
_q(paperback)
035 _a(OCoLC)1027729014
040 _aDLC
_beng
_cDLC
_dOCLCO
_dOCLCQ
_dOCLCF
_dYYE
049 _aYYEA
_aVZYM
080 _a614
_bS-68
099 _aINTERNET LINK
100 _959
_aAuguste h. Fortin
245 0 0 _aSmith's patient centered interviewing
_h[electronic resource] :
_ban evidence-based method /
_cAuguste H. Fortin, ... [et al].
246 3 _aPatient-centered interviewing.
250 _a4th ed.
260 _aNew York :
_bMcGraw-Hill Education,
_c[2019]
300 _a320 p
365 _b52.67 usd
500 _aRevised edition of: Patient-centered interviewing : an evidence-based method / Robert C. Smith. 2nd ed. c2002.
500 _aEINSTEIN & MMC: available online via AccessMedicine. See Reference staff for assistance.
504 _aIncludes bibliographical references and index.
520 _a"A comprehensive, evidence-based introduction to the principles and practices of patient communication in a clinical setting Smith's Patient-Centered Interviewing, Fourth Edition presents a step-by-step methodology for mastering every aspect of the medical interview. Readers will learn how to confidently obtain from patients accurate biomedical facts, as well as critical personal, social, and emotional information, allowing them to make a precise diagnosis, develop effective treatment plans, and forge strong clinician-patient relationships. The most evidence-based guide available on the topic, Smith's Patient-Centered Interviewing, Fourth Edition applies the proven 5-step approach, which integrates patient- and clinician-centered skills to improve effectiveness without adding extra time to the interview duration. The book's user-friendly design features icons, boxed case vignettes, and use of color to highlight key points, and pedagogy includes learning an practice exercises in each chapter"--
_cProvided by publisher.
520 _a"Our goal in this text is to present in a logical, step-by-step fashion the behaviors that are necessary to conduct an effective and efficient biopsychosocial interview. Interviewing is the most important and most difficult skill learners must master in their clinical careers. The book is designed for learners in medicine, advanced-practice nursing, physician assistant, and other health-related disciplines where communication and relational skills are central"--
_cProvided by publisher.
588 0 _aPrint version record and CIP data provided by publisher; resource not viewed.
650 2 _aMedical History Taking
_xmethods.
650 2 _aEvidence-Based Medicine.
650 2 _aPhysician-Patient Relations.
653 _aჯანდაცვა
653 _aპაციენტის ისტორიის შეგროვება
655 7 _aElectronic books.
700 1 _aFortin, Auguste H.
700 1 _aSmith, Robert C.
_q(Robert Charles),
_d1937-
710 2 _aMcGraw-Hill Companies.
710 2 _aAccessMedicine (Online service)
776 0 8 _iPrint version:
_aFortin, Auguste H.
_tSmith's patient centered interviewing.
_bFourth edition.
_dNew York : McGraw-Hill Education, [2019]
_z9781259644627
_w(DLC) 2018007779.
856 4 0 _3AccessMedicine
_uhttps://elibrary.einsteinmed.org/login?URL=https://accessmedicine.mhmedical.com/book.aspx?bookid=2446
_zEINSTEIN: AccessMedicine ebook collection
856 4 1 _3AccessMedicine
_uhttps://accessmedicine.mhmedical.com/book.aspx?bookid=2446
_zMMC: AccessMedicine ebook collection
942 _2udc
_cBK
_e4
999 _c261
_d261